000 00339 a2200157 4500
001 71879
020 _a8516039269
040 _cAnchieta - Colégio São Paulo
100 _aPaes, José Paulo
240 1 0 _aÉ isso ali
_lpor
245 1 0 _aÉ isso ali
300 _a[36]
362 0 _a2008
650 4 _aLiteratura infantil
942 _cBK
999 _c71879
_d71879